|
|
|
|
| LEADER |
00000nab a2200000 a 4500 |
| 001 |
vtls000162224 |
| 003 |
SK-MaSNL |
| 005 |
20260305024514.0 |
| 008 |
250422c1983 xo 0 slo |
| 015 |
|
|
|a SNBRB19rr/mm-uuuuu
|
| 035 |
|
|
|a CL0172335
|
| 035 |
|
|
|a urn:nbn:sk:snk-ab6qbu
|
| 035 |
|
|
|a (uuid)10b8ef60-1cd5-406d-b262-f01aefd633ab
|
| 035 |
|
|
|a (urnnbn)urn:nbn:sk:snk:ar-a057xc
|
| 035 |
|
|
|a (sysno)vtls000162224
|
| 040 |
|
|
|a SNKBUCL
|b slo
|c SNKBUCL
|e AACR2
|
| 041 |
0 |
|
|a slo
|
| 044 |
|
|
|a xo
|c SK
|
| 080 |
|
|
|a 338.26(439)
|2 1981
|
| 100 |
1 |
|
|a Markuš, Jozef,
|d 1944-2025
|4 aut
|9 226346
|
| 245 |
1 |
0 |
|a Dlhodobé plánovanie v Maďarskej ľudovej republike
|c Jozef Markuš
|
| 300 |
|
|
|b Lit. 43 zázn. v maď.
|
| 650 |
0 |
7 |
|a národné hospodárstvo
|2 snkbucl
|9 846
|
| 650 |
0 |
7 |
|a národohospodárske plánovanie
|2 SNKPH
|9 87905
|
| 651 |
|
7 |
|a Maďarsko
|2 snkbucl
|9 16754
|
| 655 |
|
7 |
|a články z novín a časopisov
|2 snkbucl
|9 267496
|
| 773 |
0 |
|
|t Ekonomický časopis
|g Roč. 31, č. 3 (1983), s. 275-289
|
| 850 |
|
|
|a Slovenská národná knižnica
|
| 852 |
|
|
|a Slovenská národná knižnica
|
| 954 |
|
|
|a odborná, vedecká literatúra pôvodná (slovenská)
|2 lita
|
| 958 |
|
|
|a article27
|
| 958 |
|
|
|a NB
|
| 958 |
|
|
|a RK
|
| 958 |
|
|
|a OND
|
| 958 |
|
|
|a EUIPO
|
| 992 |
|
|
|a RBX
|
| 999 |
|
|
|c 3303113
|d 3305043
|